| 000 | 01109cam a22001935a 4500 | ||
|---|---|---|---|
| 001 | L155582 | ||
| 008 | 120329s1747 xxk f 000 0 eng d | ||
| 035 | _a(Sirsi) u155582 | ||
| 041 | 0 | _aeng | |
| 245 | 0 | 3 |
_aAn alphabetical index of the streets _bsquares, lanes, alleys, &c. contained in the plan of the cities of London and Westminster, and borough of Southwark, With the contiguous Buildings; engraved by John Pine Bluemantle Pursuivant at arms, and Chief Engraver of Seals, &c. to His Majesty; from an actual survey made by John Roque [sic]; And printed on Twenty-Four Sheets of Imperial Paper; With References for the easy finding the said Places |
| 260 |
_aLondon _bprinted for John Pine, at the Golden Head opposite Burlington House in Piccadilly ; and John Tinney, at the Golden Lyon in Fleet-Street _cMDCCXLVII. [1747] |
||
| 300 |
_axi, [1], 46, [2] p. _bill. _c4o |
||
| 583 |
_aCondition reviewed _c20120620 _lcondition level 4 |
||
| 583 |
_aSent for conservation _c20130129 _kElizabeth Neville |
||
| 651 | 4 | _aLondon | |
| 690 |
_aMeasurement _96256 |
||
| 700 | 1 |
_aRocque, John _dd. 1762 |
|
| 942 | _n0 | ||
| 999 |
_c113679 _d113679 |
||